000 00292nam a22001337a 4500
008 170816b xxu||||| |||| 00| 0 eng d
020 _a9781570399152
041 _aeng
080 _22 ED
_a51
100 _a36
101 _aMAT
245 _aEVERYDAY MATHEMATICS
_cSEA.M
942 _2udc
_cBK
999 _c23688
_d23688